000
00220 a2200097 4500
001
2309
100
_a
Mckinley, J L
245
_a
Basic science for aerospace vehicles
260
_a
_b
Mc Graw Hill
_c
090
_c
1670
_d
1670
942
_a
NUST-CAE
_c
M
_c
7447
999
_c
237382
_d
237382